Пока не погасла свеча: повести и рассказы

Dettagli Bibliografici
Autore principale: Орлов В. А. Владимир Алексеевич
Altri autori: Семенова А. (автор предисловия)
Riassunto:Исключено из фонда НТБ ТПУ
Lingua:russo
Pubblicazione: Москва, Молодая гвардия, 1990
Natura: MixedMaterials Libro
KOHA link:https://koha.lib.tpu.ru/cgi-bin/koha/opac-detail.pl?biblionumber=141870

MARC

LEADER 00000nam0a2200000 4500
001 141870
005 20231031142549.0
010 |a 5235009568 
035 |a (RuTPU)RU\TPU\book\153768 
090 |a 141870 
100 |a 20080827d1990 m y0rusy50 ca 
101 1 |a rus  |c bel 
102 |a RU 
105 |a a z 000ay 
200 1 |a Пока не погасла свеча  |e повести и рассказы  |f В. А. Орлов  |g авт. предисл. А. Семенова 
210 |a Москва  |c Молодая гвардия  |d 1990 
215 |a 304 с.  |c ил. 
333 |a Исключено из фонда НТБ ТПУ 
700 1 |a Орлов  |b В. А.  |g Владимир Алексеевич 
702 1 |a Семенова  |b А.  |4 080 
801 1 |a RU  |b 63413507  |c 20080827  |g PSBO 
801 2 |a RU  |b 63413507  |c 20220614  |g RCR 
942 |c BK